| 000 | 00873nam2a2200241 4500 | ||
|---|---|---|---|
| 001 | rc\2823067 | ||
| 005 | 20260315044517.0 | ||
| 035 | _a(NLR Aleph) 006981419 | ||
| 090 |
_a13569156 _c13569156 |
||
| 100 | _a20110622d1927 u y0rusy50 ca | ||
| 101 | 0 | _arus | |
| 102 | _aRU | ||
| 105 | _aa z ||||| | ||
| 200 | 1 | _aЗанятые пары | |
| 210 | _d1927 | ||
| 215 |
_a29 с., [1] с. _cил., диагр. |
||
| 461 | 0 |
_1001rc\2823059 _12001#$a"В помощь крестьянину"$hСерия 1-я$iПолеводство$vВып. 9 _95535292 _cКурск _d[1927] _hСерия 1-я _iПолеводство _nСоветская деревня _t"В помощь крестьянину" _vВып. 9 |
|
| 700 | 1 |
_aКовалев _bН. _gНиколай |
|
| 801 | 0 |
_aRU _bNLR _gpsbo |
|
| 801 | 1 |
_aRU _bELAR _2rusmarc |
|
| 852 |
_aNLR _j92/2160 |
||
| 942 | _cUNSPEC | ||
| 980 | _aNB | ||